[Event "EU-ch 6th"]
[Site "Warsaw"]
[Date "2005.06.27"]
[Round "9"]
[White "Riazantsev, Alexander"]
[Black "Godena, Michele"]
[Result "1-0"]
[WhiteElo "2608"]
[BlackElo "2527"]
[Annotator "Marin,M"]
[PlyCount "85"]
[EventDate "2005.06.18"]
[EventType "swiss"]
[EventRounds "13"]
[EventCountry "POL"]
[SourceTitle "CBM 108"]
[Source "ChessBase"]
[SourceDate "2005.09.26"]
[SourceVersion "1"]
[SourceVersionDate "2005.09.26"]
[SourceQuality "1"]

1. d4 d5 2. c4 c6 3. Nf3 Nf6 4. Nc3 e6 5. Bg5 Nbd7 6. cxd5 exd5 7. Qc2 Be7 8.
e3 Nh5 9. Bxe7 Qxe7 {With this peculiar move order, postponing the development
of the light-squared bishop, White keeps the d3-square available for his
f3-knight, precisely for the case Black chooses this plan based on Nh5.} 10.
O-O-O (10. g4 Nf4 11. O-O-O Ne6 {allows Black transfer his knight to the
optimal e6-square without the necessity of losing a tempo with ...g6.}) 10...
g6 11. g4 Ng7 (11... Nhf6 {looks slightly pointless. The knight is unstable on
f3 and is likely to generate further loss of time.} 12. Rg1 O-O 13. Bd3 Re8 14.
h3 b6 15. g5 Nh5 16. Kb1 Qd6 17. Qd2 Bb7 18. Rg4 Re6 19. Rh4 Rae8 20. Rxh5 gxh5
21. Ne2 Kh8 22. Nf4 $36 {1-0 Portisch,L (2615)-Andersson,U (2600)/Reggio
Emilia 1987/CBM 005 (53)}) 12. h3 Nb6 13. Ne5 {This is the point behind
White's previous play.} (13. Bd3 Be6 14. Ne2 O-O-O 15. Nf4 Kb8 16. Be2 Ne8 17.
Nd2 Nd6 18. h4 Bc8 19. Nb3 Ne4 20. Bf3 f5 {1/2-1/2 Kasparov,G (2760)-Smyslov,V
(2550)/Moscow 1988/URS-ch}) 13... f6 (13... Be6 {1-0 Tyomkin,D (2501)-Borgo,G 
(2417)/St Vincent 2002/CBM 88/[Tyomkin,D] (50)}) 14. Nd3 Be6 15. Be2 $1 {
A natural developing move, inviting Black to define his intentions regarding
the position of the king.} (15. Re1 {was too straightforward an attempt to
force the king choose his residence:} O-O-O 16. Na4 Nxa4 17. Qxa4 Kb8 18. Be2
Bf7 19. Qb4 {This is also harmless.} ({Because of the loss of time induced by
15.Re1 White cannot carry out the classical queen side plan with the same
efficiency, for instance:} 19. Kb1 Ne6 20. Rc1 h5 21. Rhf1 (21. gxh5 g5) 21...
hxg4 22. hxg4 g5 23. Rc3 Bg6 24. Ra3 b6 $1 $132 25. Qxc6 $140 $2 Nxd4 26. exd4
Qxe2 $19) 19... Qxb4 20. Nxb4 h5 21. Nd3 hxg4 22. hxg4 g5 23. f4 gxf4 24. Nxf4
Rdg8 25. Nh5 Ne8 26. Rhf1 Be6 27. Nxf6 {1/2-1/2 Topalov,V (2702)-Sokolov,I 
(2637)/Sarajevo 2000/CBM 077}) 15... Bf7 ({But now, castling long is not
without dangers:} 15... O-O-O 16. Na4 Nxa4 17. Qxa4 Kb8 18. Kb1 Bf7 19. Rc1 h5
20. Rhf1 hxg4 21. hxg4 {and now Black misses just one tempo to reach the
optimal regrouping illustrated in the previous comment:} g5 (21... Ne6 22. Rc3
Rc8 23. Ra3 b6 24. Nb4 $40) 22. Rc3 Bg6 23. Ra3 {and Black is forced to
advance his a-pawn with} a6 {which leads to a dangerous position after} 24. Ka1
Bxd3 25. Bxd3 $40 {/\Bxa6}) 16. Na4 (16. Nc5 {Beim,V (2521)-Bischoff,K (2533)
AUT-chT qual 2001 (3.2) 1/2}) 16... Nxa4 17. Qxa4 Ne6 {[%csl Rd6][%cal Ye6g5,
Yg5e4,Ye4d6]} 18. h4 {This is not an attacking move, but a prophilactic one.
The g5=square is denied to the enemy knight.} O-O 19. Kb1 b6 20. Bf3 $1 {
The start of an efficient regroupment of the minor pieces, aiming to
discourage the thematic adcance of the c-pawn.} (20. Qxc6 $2 Nxd4 $1) 20... Qd6
21. Rd2 Rac8 22. Nc1 $1 (22. Qxa7 $2 Ra8 23. Qxb6 Rfb8) 22... Rfd8 23. Ne2 {
Black has achieved a comfortable regroupment of his forces, but his position
contains a small deffect: the weakness of the f6-square.} c5 $6 ({In view of
the previous comment, it is easy to suggest} 23... Kg7 $142 $1 {defending just
in case Pf6. We can see here a drawback of the absence of the white knight
from f3: neither h4-h5 nor g4-g5, otherwise thematic plans, favour White here.
Therefore, White should probably focus on the queen side, but Black is quite
solid:} 24. Rc1 Rc7 (24... Qh2 25. Ng3 $1 Qxh4 26. Qxa7 $16) 25. Rdc2 Rdc8) 24.
dxc5 Rxc5 25. Rhd1 $16 Qh2 26. Nc3 Ra5 27. Qc6 d4 $5 (27... Rc5 28. Qb7 Rc7 29.
Qa6 $16) 28. exd4 Qxh4 29. d5 Ng5 30. Rh1 Nxf3 31. Rxh4 Nxd2+ 32. Kc1 Rc5 33.
Qxf6 Rdxd5 34. g5 $18 {Finally, the weakness of the f6-square has led Black's
premature operation to fiasco.} Rd7 35. Rd4 Rxd4 36. Qxd4 Nc4 37. Ne4 Rc8 38.
Nf6+ Kf8 39. Nxh7+ Kg8 40. Nf6+ Kf8 41. Qd7 Rc5 42. Qd8+ Kg7 43. Nd7 1-0

[Event "RUS-ch U20"]
[Site "Cheboksary"]
[Date "2006.03.10"]
[Round "9"]
[White "Lysyj, Igor"]
[Black "Vitiugov, Nikita"]
[Result "1-0"]
[WhiteElo "2523"]
[BlackElo "2573"]
[Annotator "Marin,M"]
[PlyCount "141"]
[EventDate "2006.03.02"]
[EventType "tourn"]
[EventRounds "11"]
[EventCountry "RUS"]
[EventCategory "11"]
[SourceTitle "CBM 112"]
[Source "ChessBase"]
[SourceDate "2006.06.07"]
[SourceVersion "1"]
[SourceVersionDate "2006.06.07"]
[SourceQuality "1"]

1. d4 d5 2. c4 e6 3. Nc3 Nf6 4. cxd5 exd5 5. Bg5 c6 6. e3 Be7 7. Qc2 Nbd7 8.
Bd3 Nh5 9. Bxe7 Qxe7 10. Nge2 g6 {This setup has been quite popular lately.}
11. g4 (11. O-O-O {1-0 Fish,G (2523)-Kern,G (2355)/Germany 2005/CBM 106/[Marin]
(34)}) (11. O-O {1/2-1/2 Wojtaszek,R (2591)-Hansen,L (2567)/Gothenburg 2005/
CBM 109/[Marin] (28)}) 11... Ng7 12. O-O-O Nb6 13. h3 Bd7 14. Nf4 (14. e4 {
1-0 Vitiugov,N (2519)-Popov,V (2570)/Kazan 2005/CBM 109/[Marin] (34)}) (14. Kb1
{1/2-1/2 Grigore,G (2526)-Ciolac,G (2389)/Cesenatico 1999/EXT 2000 (24) was
examined in the notes to Vitiugov-Popov.}) 14... g5 15. Nfe2 {[%csl Gh7]} h6
$146 {Being slightly behind in development, Black should avoid making such
neutral moves.} ({More active is} 15... h5 $1 $132 {as played in 1/2-1/2
Malaniuk,V (2520)-Vaganian,R (2625)/Moscow 1988/URS-ch (41) and examined in
the notes to Vitiugov-Popov}) 16. e4 $1 {The most resolute continuation, but
other moves a¡deserve attention, too.} (16. Na4 $5 {[%cal Ya4c5]} Nxa4 17. Qxa4
{and Black cannot castle long already.}) (16. Ng3 $5 {[%cal Yg3f5]}) 16... dxe4
({Black has to give up the tension in the centre. He would get under serious
pressure after} 16... Be6 17. f4 $36) 17. Bxe4 {Consequently fighting for the
control of the d5-square.} ({The latrenative would be} 17. Nxe4 {[%csl Gc5]
[%cal Yc2c5,Ye4c5] aiming for a dark-squared strategy.}) 17... O-O-O 18. d5 {
[%csl Gc6] White's initiative is not easy to neutralise now.} Qc5 {The safest,
but not entirely stafisfactory way to defend the c6-pawn.} (18... Qf6 19. f4 $1
$36 {[%cal Yh1f1]}) 19. dxc6 Bxc6 20. Bxc6 Qxc6 21. Nb5 $14 {[%csl Gf5,Gh6]
[%cal Yb5d6,Ye2g3] With simple play, White has managed to retain a dangerous
initiative. He is obviously ahead in the fight for the occupation of the
mutual king side weaknesses.} Qxc2+ 22. Kxc2 Kb8 23. Nd6 Rd7 24. Ng3 Nc8 25.
Nde4 Rc7+ 26. Kb1 Re8 27. h4 gxh4 28. Rxh4 Rc6 29. a3 a6 30. Rd7 Re7 31. Rd8
Ne8 32. f3 Kc7 33. Rd1 Ng7 34. Rdh1 Ree6 35. Ne2 f5 36. N4g3 Rc4 37. gxf5 Rxh4
38. Rxh4 Nxf5 39. Nxf5 Rxe2 40. Rxh6 Rf2 41. Nd4 Nd6 42. Rh1 Kb6 43. Rc1 Nb5
44. Nxb5 axb5 45. Rc3 b4 46. Rb3 Kc6 47. axb4 Kb5 48. Ka2 Ka4 49. b5 b6 50. Re3
Kxb5 51. Kb3 Kc6 52. Kc3 b5 53. b3 Kc5 54. Re5+ Kd6 55. Rf5 Ke6 56. Rf8 Ke7 57.
Rf4 Kd6 58. Kb4 Rb2 59. Rf5 Ke6 60. Rc5 Rd2 61. Kxb5 Rd3 62. b4 Rxf3 63. Kb6
Kd6 64. b5 Rb3 65. Rc1 Kd7 66. Ka6 Rd3 67. b6 Rd2 68. Ka7 Ra2+ 69. Kb8 Rb2 70.
b7 Ra2 71. Rd1+ 1-0

[Event "EU-ch 6th"]
[Site "Warsaw"]
[Date "2005.06.20"]
[Round "3"]
[White "Malakhov, Vladimir"]
[Black "Popov, Valerij"]
[Result "1/2-1/2"]
[WhiteElo "2670"]
[BlackElo "2568"]
[Annotator "Marin,M"]
[PlyCount "208"]
[EventDate "2005.06.18"]
[EventType "swiss"]
[EventRounds "13"]
[EventCountry "POL"]
[SourceTitle "CBM 108"]
[Source "ChessBase"]
[SourceDate "2005.09.26"]
[SourceVersion "1"]
[SourceVersionDate "2005.09.26"]
[SourceQuality "1"]

1. d4 Nf6 2. c4 e6 3. Nc3 d5 4. cxd5 exd5 5. Bg5 Be7 6. e3 c6 7. Bd3 O-O 8. Qc2
Nbd7 9. Nf3 Re8 10. O-O Nf8 11. h3 Be6 12. Rab1 Ne4 $5 {This only seemingly
active knight jump is not a very popular reaction to White's plan.} (12... N6d7
{CBM 107 0-1 Lytchak,A (2436)-Boensch,U (2540)/Germany 2005/CBM 107/[Marin] 
(37)}) 13. Bxe7 Rxe7 ({It is hard to understand how could such a move like} 
13... Qxe7 $2 {occur in a high level game:} 14. Bxe4 dxe4 15. Qxe4 Ng6 16. Ne5
Qf6 17. Ng4 Qe7 18. Qf3 $16 {1-0 Bacrot,E (2653)-Tregubov,P (2627)/Fouesnant
2002/EXT 2005 (52)}) 14. b4 (14. Nxe4 dxe4 15. Bxe4 Bxa2 16. Rbc1 Bd5 $132) (
14. Bxe4 dxe4 15. Nxe4 (15. Qxe4 $2 Bxa2 $1 $17) 15... Bxa2 16. Rbc1 Bd5 $13) {
This is the first game where Black tries to consolidate his central knight.}
14... Bf5 $146 ({Capturing on c3 with} 14... Nxc3 $6 {doesn't cross in any way
White's plans:} 15. Qxc3 Rc7 $5 16. Rbc1 (16. Rfc1 {1/2-1/2 Neverov,V (2530)
-Balashov,Y (2510)/Perm 1997/CBM 058/[Tsesarsky] (24)}) 16... Rcc8 17. Qb2 a6
18. a4 Qf6 19. Ne5 Bf5 20. Bxf5 Qxf5 21. b5 $14 {1-0 Cebalo,M (2486)-Gurevich,
M (2656)/Bastia 2003/EXT 2004 (38)}) ({The paradoxical retreat} 14... Nd6 $5 {
makes much more sense, because it takes under control the crucial c4- and
b5-squares.} 15. Rfc1 (15. a4 Rc7 16. Qb2 Ng6 17. Rbc1 Rac8 18. Bxg6 hxg6 19.
Ne5 g5 20. Qe2 f6 21. Nd3 Qe8 22. Rce1 Re7 23. Rc1 Bf7 $15 {0-1 Zhuravlev,N 
(2272)-Klovans,J (2481)/Rowy 2000/CBM 078 ext (55)}) 15... Rc8 16. Rb3 Re8 {
[%csl Rf3,Rh3][%cal Yd8f6]} 17. Qd1 Qf6 18. b5 c5 19. dxc5 Rxc5 20. Nd4 Rec8
21. Rc2 Qg5 22. Nxe6 Nxe6 23. Ne2 Ne4 {1/2-1/2 Shchekachev,A (2592)-Gurevich,M
(2635)/Metz 2003/CBM 093 ext}) 15. Nd2 ({The forced tactical operation
introduced by} 15. Nh4 {doesn't lead to any concrete achievement for White:}
Nxc3 16. Nxf5 Nxb1 17. Nxe7+ Qxe7 18. Rxb1 {The white bishop is not a very
effective piece in supporting the minority's attack.} a6 19. a4 Rc8 20. Qc5 (
20. b5 axb5 21. axb5 c5 $11) 20... Qd8 21. Rc1 Ne6 {/\g6}) 15... Nxd2 {It is
hard to decide which knight to eliminate.} ({Black apparently thought that
after} 15... Nxc3 16. Qxc3 Bxd3 17. Qxd3 a6 18. a4 Ne6 19. Nb3 $14 {[%csl Rc5]
[%cal Yf1c1,Yb4b5] the knight would be well placed on b3}) 16. Qxd2 Bxd3 17.
Qxd3 a6 {Black would "only" need to have the knight on d6 to get a dream
position, but he is 4 tempi away from this dream.} 18. Na4 $5 (18. a4 Re6 19.
b5 axb5 20. axb5 Qg5 $132) 18... Nd7 19. Rfc1 ({In case of the immediate} 19.
Nc5 {Black might consider playing} Nxc5 20. bxc5 Rc8 {since in the absence of
minor pieces, the weaknes of the b7-pawn is quite hard to take advantage of.})
19... Nf6 20. Nc3 $5 {[%cal Ya2a4,Yb4b5] Now that the plan of a king side
attack is not possible any more (the knight interferes the 6th rank) White
returns to his initial plan.} ({He might have feared that after the more
natural} 20. Nc5 Ne4 21. a4 Rc8 {the knight would have been sligthly hanging
on c5, making the thematic b4-b5 harder to carry out.}) 20... Rc8 21. a4 Rec7 (
21... Ne4 22. b5 $14) 22. Rd1 $1 {Since Black is well prepared against the
minority's attack, White prepares the advance of his central pawns.} Ne8 {
[%csl Rc4][%cal Ye8d6]} 23. f3 $1 Rd7 24. a5 Qg5 25. Na4 Re7 26. e4 dxe4 27.
fxe4 Nf6 28. Nc5 $14 {White has a strong pawn centre and static pressure
against the enemy queen side. However, Black's position is quite solid.} Rce8
29. e5 Nd5 30. Rf1 Qe3+ 31. Qxe3 Nxe3 32. Rf3 Nd5 33. Rf2 Rd8 34. Rb3 h6 35.
Kh2 Rb8 36. Kg3 Rd8 37. Rd2 Rde8 38. Kf3 g6 39. Re2 Kg7 40. g3 Rd8 41. Kf2 h5
42. h4 Nc7 43. Re4 Nd5 44. Ke1 Rde8 45. Kd2 f6 46. e6 f5 47. Re5 Rd8 48. Kd3
Nf6 49. Kc4 Ne8 50. Rd3 Nf6 51. Rd1 Ne8 52. d5 Rd6 53. Ree1 Kf6 54. Nd7+ Kg7
55. Nc5 Nf6 56. dxc6 Rxc6 57. Rd8 Ne8 58. Kb3 Kf6 59. Rd7 Ng7 60. Rxe7 Kxe7 61.
Nxb7 Rxe6 62. Rxe6+ Nxe6 63. Nc5 Nxc5+ 64. bxc5 g5 65. hxg5 f4 66. gxf4 h4 67.
g6 h3 68. g7 Kf7 69. c6 h2 70. c7 h1=Q 71. g8=Q+ Kxg8 72. c8=Q+ Kf7 73. Qd7+
Kg6 74. Qe6+ Kg7 75. Qe5+ Kf7 76. Kb4 Qc6 77. f5 Qb7+ 78. Kc4 Qc6+ 79. Kd3 Qd7+
80. Ke3 Qc6 81. Kd2 Qd7+ 82. Ke2 Qc6 83. Kf2 Qc2+ 84. Kg3 Qd3+ 85. Kh4 Qc4+ 86.
Kh5 Qc6 87. Qe3 Qd5 88. Kg5 Qd8+ 89. Kh5 Qd5 90. Qg5 Qh1+ 91. Qh4 Qf3+ 92. Kg5
Qe3+ 93. Qf4 Qg1+ 94. Kh5 Qh1+ 95. Kg4 Qd1+ 96. Qf3 Qd4+ 97. Kh5 Qh8+ 98. Kg4
Qd4+ 99. Kg3 Qe5+ 100. Kh4 Qxa5 101. Qh5+ Kf8 102. Qh6+ Kf7 103. Qe6+ Kf8 104.
Kh5 Qa1 1/2-1/2

[Event "Bundesliga 0405"]
[Site "Germany"]
[Date "2005.04.10"]
[Round "15.4"]
[White "Lytchak, Alexander"]
[Black "Boensch, Uwe"]
[Result "0-1"]
[WhiteElo "2436"]
[BlackElo "2540"]
[Annotator "Marin,M"]
[PlyCount "73"]
[EventDate "2004.11.12"]
[EventType "team-tourn"]
[EventRounds "15"]
[EventCountry "GER"]
[SourceTitle "CBM 107"]
[Source "ChessBase"]
[SourceDate "2005.08.01"]
[SourceVersion "1"]
[SourceVersionDate "2005.08.01"]
[SourceQuality "1"]
[WhiteTeam "Muelheim Nord"]
[BlackTeam "Tegernsee"]
[WhiteTeamCountry "GER"]
[BlackTeamCountry "GER"]

1. d4 Nf6 2. c4 e6 3. Nc3 d5 4. cxd5 exd5 5. Bg5 c6 6. Qc2 Be7 7. e3 Nbd7 8.
Bd3 O-O 9. Nf3 Re8 10. O-O Nf8 11. h3 Be6 {This move, continuing the
development, is the favourite of great Queen's Gambit expert Jussupow (see
also my comments in CBM 106). Little wonder that Bönsch, another "classic" of
this opening, choses the same variation.} 12. Rab1 N6d7 13. Bf4 Nb6 ({Black
intends to prevent the typical minority's attack by piece pressure only. The
c4-square is taken under control. The more commital} 13... a5 {Kharlov,A (2628)
-Meister,Y (2504) RUS-chT Sochi 2005 (10) 1-0 was played in a game analyzed in
the same issue of CBM,}) 14. Na4 {White aims to exchange the knight that was
ready to jump to c4 in case of the advance of the b-pawn. However, this
exchange implies considerable waste of time, by placing the quen to an
unfavourable square.} ({However, the thematic} 14. b4 {needs some more
concrete investigation.} {The critical continuation is} Nc4 ({Refraining from
ocupying the c4-square led Black to an inferior position after} 14... Bd6 15.
Bxd6 Qxd6 16. a4 a6 17. Nd2 (17. b5 cxb5 $1 18. axb5 a5 $1 {allows Black
stabilize the queen side.}) 17... Re7 18. Nb3 $1 Rc7 (18... Qxb4 19. Nc5 Qa5
20. Qb3 Nc8 21. Nxb7 $16) 19. Nc5 Nbd7 20. f4 f6 21. f5 $16 {1-0 Beliavsky,A 
(2610)-Ivanchuk,V (2710)/Linares 1993/CBM 034/[Ftacnik] (39)}) 15. Bxc4 dxc4 {
(/\b5) when after} 16. b5 {the position is sharp and probably more or less
equal:} Ng6 17. Bg3 (17. bxc6 Nxf4 18. cxb7 Nxh3+ 19. gxh3 Rb8 20. Kg2 Qd7 {
קh3, Pb7}) 17... Bd6 18. bxc6 (18. Bxd6 Qxd6 19. bxc6 {would have transposed
to the game since} Qxc6 $6 {is strongly met by} 20. e4 $1 {when Black has no
time to create dangerous king side threats.}) 18... bxc6 19. Bxd6 Qxd6 20. Rb7
(20. Ne4 Qd5 {[%cal Re6f5] (/\Bf5)} 21. Nc5 Bxh3 22. e4 Qh5 $36 {Once again,we
can notice the dark side of the generally useful move h2-h3.}) (20. Rfd1 Rab8 {
[%cal Rb8b6] /\Rb6}) (20. e4 {[%csl Rf4] ><f4}) 20... c5 (20... Bc8 21. Rb2 $1
{[%cal Yf1b1]}) 21. d5 $1 (21. Ne4 Qd5 {[%csl Rb7]} 22. Nxc5 Bxh3 23. e4 Qh5
$36 {/\Bxg2}) 21... Bxd5 22. Qd2 (22. Rd1 $2 Qc6 $1 $19) 22... Rad8 (22... Qc6
$2 23. Qxd5 $18) 23. Qxd5 Qxd5 24. Nxd5 Rxd5 {The passed c5-pawn offers Black
sufficient counterplay, for instance} 25. Rxa7 (25. Rc1 Re7 26. Rb8+ Nf8 27.
Rxc4 f6 28. Rc8 Rb7 $132 {1/2-1/2 Safin,S (2466)-Sriram,J (2393)/Lucknow 2004/
CBM 102 ext (43)}) 25... Rb8 26. Rc1 Rb2 $1 (26... h6 27. Rc2 $5 $14 (27. Rxc4
Rd1+ 28. Kh2 Rb2 29. Rxc5 Rf1 $40)) 27. Ra8+ Nf8 28. Rxc4 g6 $132 {/\Rd1, קf2,
Kg7, Ne6, >Pc5}) ({Another untested possibility is} 14. Rfc1 {Li Wenliang 
(2422)-Jussupow,A (2601) Minneapolis HB Global op 2005 (6) 1/2 in the spirit
of the lines examined in the notes to} {from this same issue of CBM. Black
should probably play} Rc8 {transposing to one of the notes to the mentioned
game.}) 14... Nxa4 15. Qxa4 {Since the white queen will most probably have to
return to c2 soon, Black has two tempi to rearrange his pieces.} Bd6 $146 ({
More than ten years ago, Jussupow preferred the tempting} 15... Ng6 {and only
after} 16. Bh2 {did he offer the exchange of bishops. As we shall see, Bönsch
had other plans for his knight, which explains why he refrained from "winning
a tempo" by attacking the enemy bishop first. Besides, there is one more
nuance that might have bothered him (see below).} Bd6 17. Ne5 {Suddenly, the
black knight appears to be vulnerable on g6, preventing the generally
desirable ...f6.} (17. Bxd6 Qxd6 18. b4 a6 19. Qc2 {would have also been
possible, when it is far from clear whether the knight is better placed on the
king side than in Bönsch' game.}) 17... Qf6 18. Qc2 ({In case of} 18. f4 {
(to which he attaches a question mark) Jussupow planned to exchange the light
squared bishops with} Bf5 {However, after} 19. Qc2 Bxd3 20. Qxd3 {planning a
king side expansion, based on such moves as Ng4, f5-f6, eventually g4, Black's
pieces might have been rather artificially placed. This might have been a
second reason for Bönsch' novelty.}) 18... Nxe5 19. dxe5 Bxe5 20. Bxh7+ Kh8 21.
Bxe5 Qxe5 22. Bd3 Rac8 (22... d4 $6 23. e4 $1 Bxa2 24. Rbe1 Qe6 25. f4 $44 {->}
) 23. Qa4 (23. b4 b6 {/\ c5}) 23... c5 $132 {1/2-1/2 Sokolov,I (2625)-Jussupow,
A (2655)/Amsterdam 1994/CBM 043 (50) and Black's centralisation fully
compensated for the weakness of the king side.}) 16. Bxd6 (16. Ne5 {would be
pointless now because of} f6) 16... Qxd6 17. b4 a6 {In order to proceed with
his attack, White has to remove the queen from a4.} 18. Qc2 {[%cal Ra2a4,Rb4b5]
} g6 $1 {[%csl Rh7][%cal Rf8d7] Freeing the knight from the defence of the h7/
pawn.} 19. a4 Nd7 {As can be seen from the further course of the game as well
as from the notes, Black has prepared in optimal way against White's the
intended minority's attack.} 20. Rfc1 (20. b5 $6 cxb5 $1 21. axb5 Rec8 22. Qb2
a5 $1 {/\Nb6=/+} 23. b6 $6 Rc6) 20... Rac8 21. Qc3 (21. b5 $6 cxb5 22. Qxc8
Rxc8 23. Rxc8+ Nf8 $1 $17 {צc8}) (21. Qb2 Nb6 $5) 21... Qe7 (21... Nb6 $6 22.
Qc5 $1 Qd8 23. Qa5 $1 {/\b5+/-} Ra8 $8 24. Nd2 $14) 22. Nd2 {White intends to
transfer the knight to the queen side in order to proceed with his main plan,
but this will leave the king side vulnerable, offering Black sufficient
counterchances.} Qg5 23. Kf1 Qf6 24. Kg1 Kg7 $11 {Black has no problems. In
fact, he will repeteadly refrain from a draw by repetition, which will
eventually yield him a win after some inaccuracies and a final blunder by
White.} 25. Nb3 Qg5 26. Kf1 Bf5 27. Na5 Rc7 28. Bxf5 Qxf5 29. b5 axb5 30. axb5
Nf6 31. Kg1 Ra8 32. bxc6 Ne4 33. Qe1 bxc6 34. Rb2 c5 35. dxc5 Nxc5 36. Qb4 Qf6
$15 {[%csl Ya5,Yb2,Yb4,Yc1][%cal Rc5d3]} 37. Qc3 $4 (37. Qc3 Qxc3 38. Rxc3 Rxa5
) 0-1